| 000 | 00497nam a2200181Ia 4500 | ||
|---|---|---|---|
| 008 | 191130s2010##################000#0#eng## | ||
| 020 | _a9788176487405 | ||
| 040 |
_aACL _cACL |
||
| 082 | _a664.001579 NAR | ||
| 100 | _aNarang, S. P | ||
| 245 |
_aFood microbiology _cS.P.Narang |
||
| 260 |
_aNew Delhi _bAPH Publishing co _c2010 |
||
| 300 | _avi, 292 p. : ill | ||
| 650 | _aMicrobiological effect on food | ||
| 990 | _af2858685ac10000c6a703d2912a0906e | ||
| 991 | _a253401 | ||
| 999 |
_c263423 _d263423 |
||